<?xml version="1.0" encoding="UTF-8"?>
<record
    xmlns:xsi="http://www.w3.org/2001/XMLSchema-instance"
    xsi:schemaLocation="http://www.loc.gov/MARC21/slim http://www.loc.gov/standards/marcxml/schema/MARC21slim.xsd"
    xmlns="http://www.loc.gov/MARC21/slim">

  <leader>01149nam a2200265 a 4500</leader>
  <controlfield tag="001">000022921</controlfield>
  <controlfield tag="005">20240401193420.0</controlfield>
  <controlfield tag="008">101123s1966    ck      r     001 0 spa d</controlfield>
  <datafield tag="040" ind1=" " ind2=" ">
    <subfield code="a">DO-SdBNP</subfield>
    <subfield code="b">spa</subfield>
    <subfield code="c">BNPHU</subfield>
  </datafield>
  <datafield tag="082" ind1=" " ind2=" ">
    <subfield code="a">917.3</subfield>
    <subfield code="b">B916u</subfield>
  </datafield>
  <datafield tag="100" ind1="1" ind2=" ">
    <subfield code="a">Bryce, James Bryce, Viscount,</subfield>
    <subfield code="c">Vizconde</subfield>
    <subfield code="d">1838-1922</subfield>
    <subfield code="9">47126</subfield>
  </datafield>
  <datafield tag="240" ind1="1" ind2="0">
    <subfield code="a">Reflections on american institutions.</subfield>
    <subfield code="l">Espa&#xF1;ol.</subfield>
  </datafield>
  <datafield tag="245" ind1="1" ind2="0">
    <subfield code="a">U.S.A. La revoluci&#xF3;n institucionalizada /</subfield>
    <subfield code="c">James Bryce ; pr&#xF3;logo de German Arciniegas ; introduci&#xF3;n de Henry Steele Commager ; traducci&#xF3;n de Francisco G&#xF3;mez Palacio.</subfield>
  </datafield>
  <datafield tag="260" ind1=" " ind2=" ">
    <subfield code="a">Cali :</subfield>
    <subfield code="b">Norma,</subfield>
    <subfield code="c">1966.</subfield>
  </datafield>
  <datafield tag="300" ind1=" " ind2=" ">
    <subfield code="a">387 p. ;</subfield>
    <subfield code="c">20 cm.</subfield>
  </datafield>
  <datafield tag="504" ind1=" " ind2=" ">
    <subfield code="a">Incluye referencias bibliogr&#xE1;ficas y notas al pie de las p&#xE1;ginas.</subfield>
  </datafield>
  <datafield tag="534" ind1=" " ind2=" ">
    <subfield code="p">T&#xED;tulo en Ingl&#xE9;s:</subfield>
    <subfield code="t">Reflections on american institutions.</subfield>
  </datafield>
  <datafield tag="650" ind1=" " ind2="4">
    <subfield code="a">Estados unidos</subfield>
    <subfield code="x">Civilizaci&#xF3;n</subfield>
    <subfield code="y">1865 - 1878</subfield>
    <subfield code="9">47127</subfield>
  </datafield>
  <datafield tag="650" ind1=" " ind2="4">
    <subfield code="a">Estados unidos</subfield>
    <subfield code="x">Pol&#xED;tica y gobierno</subfield>
    <subfield code="9">3192</subfield>
  </datafield>
  <datafield tag="650" ind1=" " ind2="4">
    <subfield code="a">Estados unidos</subfield>
    <subfield code="x">Condiciones sociales</subfield>
    <subfield code="9">47128</subfield>
  </datafield>
  <datafield tag="700" ind1="1" ind2=" ">
    <subfield code="a">Arciniegas, German,</subfield>
    <subfield code="e">pr&#xF3;l.</subfield>
    <subfield code="9">43711</subfield>
  </datafield>
  <datafield tag="700" ind1="1" ind2=" ">
    <subfield code="a">Steele Commager, Henry,</subfield>
    <subfield code="e">introd.</subfield>
    <subfield code="9">47129</subfield>
  </datafield>
  <datafield tag="700" ind1="1" ind2=" ">
    <subfield code="a">G&#xF3;mez Palacio, Francisco,</subfield>
    <subfield code="e">tr.</subfield>
    <subfield code="9">41542</subfield>
  </datafield>
  <datafield tag="049" ind1=" " ind2=" ">
    <subfield code="a">BNGR</subfield>
  </datafield>
  <datafield tag="952" ind1=" " ind2=" ">
    <subfield code="0">0</subfield>
    <subfield code="1">0</subfield>
    <subfield code="5">2</subfield>
    <subfield code="7">0</subfield>
    <subfield code="8">MO</subfield>
    <subfield code="a">GR</subfield>
    <subfield code="b">GR</subfield>
    <subfield code="c">CT</subfield>
    <subfield code="d">2010-11-23</subfield>
    <subfield code="i">LF1</subfield>
    <subfield code="l">0</subfield>
    <subfield code="o">917.3 B916u</subfield>
    <subfield code="p">22921-10</subfield>
    <subfield code="r">2020-06-25</subfield>
    <subfield code="w">2020-06-25</subfield>
    <subfield code="y">2</subfield>
    <subfield code="Z">Pr&#xE9;stamo interno</subfield>
  </datafield>
  <datafield tag="999" ind1=" " ind2=" ">
    <subfield code="c">22418</subfield>
    <subfield code="d">22418</subfield>
  </datafield>
</record>
